[Event "4NCL Division 1b"]
[Site "Hinckley Island ENG"]
[Date "2014.03.22"]
[Round "7.151"]
[White "Howell, David WL"]
[Black "Murphy, Hugh W"]
[Result "1-0"]
[WhiteElo "2648"]
[BlackElo "2153"]
[PlyCount "69"]
[EventDate "2014.03.22"]
[WhiteTeam "Wood Green HK 1"]
[BlackTeam "Grantham Sharks 2"]

1. e4 c6 2. d4 d5 3. e5 Bf5 4. Nf3 e6 5. Be2 Ne7 6. Nbd2 h6 7. O-O Nd7 8. Nb3
Bh7 9. a4 Nc8 10. a5 Be7 11. a6 b5 12. Ne1 Ncb6 13. Bd3 Bxd3 14. Nxd3 Nc4 15.
Kh1 Qb6 16. Re1 b4 17. f4 g6 18. Qf3 h5 19. Qf2 Qb5 20. Be3 Rb8 21. Ra2 Rb6 22.
Rea1 O-O 23. Qf3 Rc8 24. Bf2 Nb8 25. Nbc5 b3 26. Nxb3 Rxa6 27. Rxa6 Nxa6 28. g4
hxg4 29. Qxg4 Rc7 30. h4 Kf8 31. h5 gxh5 32. Qxh5 Ke8 33. Rg1 Bf8 34. Rg8 Nb4
35. Rxf8+ 1-0

[Event "4NCL Division 1b"]
[Site "Hinckley Island ENG"]
[Date "2014.03.22"]
[Round "7.152"]
[White "Bremner, Adam"]
[Black "Pert, Nicholas"]
[Result "1/2-1/2"]
[WhiteElo "2190"]
[BlackElo "2554"]
[PlyCount "87"]
[EventDate "2014.03.22"]
[WhiteTeam "Grantham Sharks 2"]
[BlackTeam "Wood Green HK 1"]

1. d4 Nf6 2. c4 g6 3. Nc3 Bg7 4. e4 d6 5. Nf3 O-O 6. Be2 e5 7. O-O Nc6 8. d5
Ne7 9. Ne1 Nd7 10. Nd3 f5 11. f3 f4 12. Bd2 g5 13. Rc1 Ng6 14. c5 dxc5 15. Na4
b6 16. Nf2 a6 17. Qc2 Rf6 18. Rb1 Bf8 19. b4 h5 20. bxc5 Nxc5 21. Bb4 Nxa4 22.
Qxa4 Bd7 23. Qb3 Bxb4 24. Qxb4 Qf8 25. Rfc1 Ra7 26. Qb3 Kg7 27. Rc3 Qd6 28.
Rbc1 Ne7 29. h3 c5 30. dxc6 Nxc6 31. Qxb6 Nd4 32. Qxa7 Nxe2+ 33. Kh2 Nxc3 34.
Rxc3 Qd4 35. Qc5 Rd6 36. Qc7 Qb6 37. Qxb6 Rxb6 38. Nd3 Kf6 39. Rc5 Rb5 40. Rc7
Be8 41. Ra7 Ra5 42. Nb4 Bf7 43. Rxa6+ Rxa6 44. Nxa6 1/2-1/2

[Event "4NCL Division 1b"]
[Site "Hinckley Island ENG"]
[Date "2014.03.22"]
[Round "7.154"]
[White "Batchelor, Peter J"]
[Black "Baburin, Alexander"]
[Result "1/2-1/2"]
[WhiteElo "2146"]
[BlackElo "2503"]
[PlyCount "78"]
[EventDate "2014.03.22"]
[WhiteTeam "Grantham Sharks 2"]
[BlackTeam "Wood Green HK 1"]

1. d4 d5 2. c4 e6 3. Nc3 c6 4. e4 Bb4 5. e5 Ne7 6. Nf3 c5 7. cxd5 Nxd5 8. Bd2
cxd4 9. Nxd5 Bxd2+ 10. Qxd2 Qxd5 11. Qxd4 Qxd4 12. Nxd4 Bd7 13. Nb5 Bxb5 14.
Bxb5+ Ke7 15. O-O a6 16. Ba4 b5 17. Bc2 Nd7 18. f4 Rac8 19. Rac1 Rc7 20. Be4
Rhc8 21. Rxc7 Rxc7 22. g3 h6 23. b3 Rc3 24. Rf2 Nc5 25. Bc2 a5 26. Kf1 Na6 27.
Be4 Rc1+ 28. Kg2 Nc5 29. Rc2 Rxc2+ 30. Bxc2 b4 31. Kf2 f6 32. Ke3 fxe5 33. fxe5
Kd7 34. Kd4 Kc6 35. Bg6 Kb6 36. Bf7 Kc6 37. Be8+ Kb6 38. Bf7 Kc6 39. Be8+ Kb6
1/2-1/2

[Event "4NCL Division 1b"]
[Site "Hinckley Island ENG"]
[Date "2014.03.22"]
[Round "7.155"]
[White "McDonald, Neil R"]
[Black "Varnam, Liam D"]
[Result "1/2-1/2"]
[WhiteElo "2436"]
[BlackElo "2115"]
[PlyCount "126"]
[EventDate "2014.03.22"]
[WhiteTeam "Wood Green HK 1"]
[BlackTeam "Grantham Sharks 2"]

1. e4 c5 2. Nf3 Nc6 3. d4 cxd4 4. Nxd4 Nf6 5. Nc3 e5 6. Ndb5 d6 7. Bg5 a6 8.
Na3 b5 9. Nd5 Be7 10. Bxf6 Bxf6 11. c3 O-O 12. Nc2 Rb8 13. h4 Be7 14. g3 Be6
15. a3 Qd7 16. Ncb4 Nxb4 17. axb4 Ra8 18. Bg2 Bd8 19. O-O Ra7 20. Ra3 Qc6 21.
Ne3 Bb6 22. Nf5 g6 23. Qd2 Qd7 24. Ne3 f5 25. exf5 gxf5 26. Nd5 Bxd5 27. Qxd5+
Kh8 28. Rd1 Rd8 29. Bh3 Qg7 30. Kg2 f4 31. c4 bxc4 32. Qxc4 fxg3 33. Rxg3 Qf6
34. Rd2 d5 35. Qg4 e4 36. Qf5 Qxf5 37. Bxf5 Rg7 38. Rc2 Rxg3+ 39. Kxg3 Kg7 40.
Kf4 Rf8 41. Ke5 Rf7 42. Bc8 Bxf2 43. Bxa6 Bxh4 44. Kxd5 e3 45. Re2 Rd7+ 46. Kc6
Rd2 47. Rxe3 Rxb2 48. b5 Bf2 49. Rf3 Rc2+ 50. Kb7 Rb2 51. Ka8 h5 52. Bc8 Bd4
53. Bd7 h4 54. Kb7 Kg6 55. Rf4 Bf2 56. Rg4+ Kf6 57. Rg8 Ke7 58. Rg7+ Kd6 59.
Rh7 Ra2 60. Bf5 Ra7+ 61. Kc8 Rxh7 62. Bxh7 Ke5 63. Bd3 h3 1/2-1/2

[Event "4NCL Division 1b"]
[Site "Hinckley Island ENG"]
[Date "2014.03.22"]
[Round "7.156"]
[White "Birtwistle, Nigel"]
[Black "Greet, Andrew N"]
[Result "0-1"]
[WhiteElo "2138"]
[BlackElo "2431"]
[PlyCount "90"]
[EventDate "2014.03.22"]
[WhiteTeam "Grantham Sharks 2"]
[BlackTeam "Wood Green HK 1"]

1. Nf3 d5 2. g3 Nf6 3. Bg2 Bf5 4. c4 c6 5. Qb3 Qb6 6. cxd5 Qxb3 7. axb3 Nxd5 8.
d3 Nb4 9. O-O Nd7 10. Be3 a6 11. Rc1 e5 12. Na3 f6 13. Nc4 Nd5 14. Bd2 Be6 15.
d4 e4 16. Ne1 f5 17. Nc2 Be7 18. f3 N7f6 19. Na5 O-O-O 20. e3 exf3 21. Bxf3 Ne4
22. Be1 h5 23. Be2 h4 24. Kg2 hxg3 25. Bxg3 g5 26. Be5 Bf6 27. Nc4 Rh6 28. Bf3
Bxe5 29. dxe5 Rdh8 30. Rh1 Nc5 31. Nd4 g4 32. Be2 Kc7 33. b4 Nxb4 34. Nxe6+
Nxe6 35. Raf1 Rh5 36. e4 Nd4 37. Bd1 Rg5 38. Nd6 Rhg8 39. exf5 Nd3 40. Ne4 Rxf5
41. Nf6 Rh8 42. e6 Nf4+ 43. Kg3 Ndxe6 44. Nxg4 Rh3+ 45. Kf2 Rd5 0-1

[Event "4NCL Division 1b"]
[Site "Hinckley Island ENG"]
[Date "2014.03.22"]
[Round "7.157"]
[White "Shaw, John K"]
[Black "Kafka, Graeme"]
[Result "1/2-1/2"]
[WhiteElo "2421"]
[BlackElo "2046"]
[PlyCount "51"]
[EventDate "2014.03.22"]
[WhiteTeam "Wood Green HK 1"]
[BlackTeam "Grantham Sharks 2"]

1. e4 c5 2. b3 d6 3. Bb2 Nf6 4. Bb5+ Bd7 5. Bxd7+ Qxd7 6. d3 g6 7. Nc3 Bg7 8.
Nd5 Nc6 9. Nxf6+ Bxf6 10. Bxf6 exf6 11. Ne2 d5 12. exd5 Qxd5 13. O-O O-O 14.
Nc3 Qd4 15. Qd2 Rfe8 16. Rae1 f5 17. Re3 Rxe3 18. fxe3 Qe5 19. Rf4 Re8 20. e4
Qd4+ 21. Kf1 fxe4 22. Nxe4 Qa4 23. Kf2 Qd4+ 24. Kf1 Qa1+ 25. Kf2 Qd4+ 26. Kf1
1/2-1/2

[Event "4NCL Division 1b"]
[Site "Hinckley Island ENG"]
[Date "2014.03.22"]
[Round "7.158"]
[White "Sainbayar, Anuurai"]
[Black "Arakhamia-Grant, Ketevan E"]
[Result "0-1"]
[WhiteElo "1686"]
[BlackElo "2390"]
[PlyCount "52"]
[EventDate "2014.03.22"]
[WhiteTeam "Grantham Sharks 2"]
[BlackTeam "Wood Green HK 1"]

1. d4 Nf6 2. c4 g6 3. Nc3 Bg7 4. e4 d6 5. h3 O-O 6. Nf3 e5 7. d5 c6 8. Bd3 Nbd7
9. b4 a5 10. Qa4 b5 11. cxb5 cxd5 12. Nxd5 Nxd5 13. Bd2 N7b6 14. Qb3 Nxb4 15.
Bxb4 Be6 16. Qc3 axb4 17. Qxb4 Ra4 18. Qd2 Nc4 19. Qc2 Qa5+ 20. Ke2 Rc8 21. Qc1
Rxa2+ 22. Rxa2 Qxa2+ 23. Kf1 Nb2 24. Qd2 Nxd3 25. Qxd3 Rc1+ 26. Ne1 Bc4 0-1

[Event "4NCL Division 1b"]
[Site "Hinckley Island ENG"]
[Date "2014.03.22"]
[Round "7.161"]
[White "Parker, Jonathan F"]
[Black "Gordon, Stephen J"]
[Result "1/2-1/2"]
[WhiteElo "2522"]
[BlackElo "2487"]
[PlyCount "105"]
[EventDate "2014.03.22"]
[WhiteTeam "Barbican 4NCL 1"]
[BlackTeam "3Cs 1"]

1. d4 Nf6 2. c4 e6 3. g3 d5 4. Bg2 Bb4+ 5. Bd2 Be7 6. Nf3 O-O 7. O-O c6 8. Qc2
Nbd7 9. Bf4 b6 10. Rd1 Bb7 11. Nc3 dxc4 12. Nd2 Nd5 13. Nxc4 Nxf4 14. gxf4 Qc7
15. e3 Rad8 16. Rac1 c5 17. d5 exd5 18. Bxd5 Nf6 19. Bxb7 Qxb7 20. Rxd8 Rxd8
21. Rd1 Rxd1+ 22. Qxd1 g6 23. Ne5 Kg7 24. a4 Bf8 25. Qd3 a6 26. f3 Ne8 27. Qd7
Nd6 28. Qxb7 Nxb7 29. Nc4 b5 30. axb5 axb5 31. Nxb5 f6 32. Kf2 Kf7 33. Ke2 Ke6
34. Kd3 Bg7 35. Nc7+ Kd7 36. Nd5 f5 37. Nc3 Bf6 38. h3 Bg7 39. b3 Bf6 40. Nd5
Bg7 41. Nc3 Bf6 42. Na4 Kc6 43. Ne5+ Kd5 44. Nb6+ Ke6 45. Nec4 Bg7 46. Kc2 Nd8
47. Na4 Kd5 48. Nc3+ Ke6 49. Kd2 Nf7 50. Ne2 Nd8 51. Nc1 Kd5 52. Nd3 Ne6 53.
Ke2 1/2-1/2

[Event "4NCL Division 1b"]
[Site "Hinckley Island ENG"]
[Date "2014.03.22"]
[Round "7.162"]
[White "Longson, Alexander"]
[Black "Turner, Matthew J"]
[Result "1/2-1/2"]
[WhiteElo "2341"]
[BlackElo "2497"]
[PlyCount "46"]
[EventDate "2014.03.22"]
[WhiteTeam "3Cs 1"]
[BlackTeam "Barbican 4NCL 1"]

1. e4 c5 2. Nf3 g6 3. d4 cxd4 4. Nxd4 Bg7 5. c4 d6 6. Nc3 Nf6 7. Be2 O-O 8. O-O
a6 9. Be3 b6 10. Qd2 Bb7 11. f3 Nc6 12. Rac1 Nd7 13. Nxc6 Bxc6 14. Nd5 Rb8 15.
b4 b5 16. Rfd1 bxc4 17. Bxc4 Ba4 18. Re1 a5 19. a3 axb4 20. axb4 e6 21. Bg5 Nf6
22. Nxf6+ Bxf6 23. Bxf6 Qxf6 1/2-1/2

[Event "4NCL Division 1b"]
[Site "Hinckley Island ENG"]
[Date "2014.03.22"]
[Round "7.163"]
[White "D'Costa, Lorin AR"]
[Black "Milliet, Sophie"]
[Result "1-0"]
[WhiteElo "2410"]
[BlackElo "2402"]
[PlyCount "101"]
[EventDate "2014.03.22"]
[WhiteTeam "Barbican 4NCL 1"]
[BlackTeam "3Cs 1"]

1. c4 e5 2. g3 Nc6 3. Nc3 Bc5 4. Bg2 d6 5. e3 a6 6. Nge2 Ba7 7. b3 h5 8. h3 h4
9. g4 f5 10. gxf5 Bxf5 11. Ba3 Qd7 12. d3 Nf6 13. Qd2 Rh6 14. O-O-O O-O-O 15.
f4 Re8 16. fxe5 dxe5 17. c5 Rg6 18. Rhg1 Ne7 19. d4 exd4 20. Nxd4 c6 21. Qf2
Nfd5 22. Nxd5 cxd5 23. Qxh4 Rh6 24. Qf2 Bxh3 25. Bxh3 Qxh3 26. Rxg7 Nc6 27.
Nxc6 Rxc6 28. Qf7 Qxe3+ 29. Kb1 Qe4+ 30. Ka1 Qe5+ 31. Bb2 Rc7 32. Bxe5 Rxf7 33.
Rxf7 Rxe5 34. c6 Bc5 35. cxb7+ Kb8 36. Rh1 Re8 37. Rd7 d4 38. Rc1 Ba3 39. Rc8+
Rxc8 40. bxc8=Q+ Kxc8 41. Rxd4 Kb7 42. Kb1 Kb6 43. Kc2 Bf8 44. Kd3 Kc5 45. Rf4
Bg7 46. Rg4 Bb2 47. b4+ Kb5 48. Kc2 Bf6 49. Kb3 Be7 50. Rg6 Bxb4 51. a4+ 1-0

[Event "4NCL Division 1b"]
[Site "Hinckley Island ENG"]
[Date "2014.03.22"]
[Round "7.164"]
[White "Bentley, John L"]
[Black "Cox, John J"]
[Result "0-1"]
[WhiteElo "2245"]
[BlackElo "2395"]
[PlyCount "56"]
[EventDate "2014.03.22"]
[WhiteTeam "3Cs 1"]
[BlackTeam "Barbican 4NCL 1"]

1. d4 d5 2. c4 c6 3. Nf3 Nf6 4. Nc3 dxc4 5. a4 Bf5 6. Ne5 Nbd7 7. Nxc4 Qc7 8.
g3 e5 9. Bg2 Rd8 10. Ne3 Be6 11. dxe5 Nc5 12. Qc2 Nb3 13. exf6 Nxa1 14. Qb1 Nb3
15. Nf5 gxf6 16. Bf4 Qd7 17. Bh3 Nd4 18. g4 Bb4 19. O-O Bxf5 20. gxf5 Bxc3 21.
bxc3 Nxe2+ 22. Kh1 Nxf4 23. Qe4+ Ne6 24. f3 Qd5 25. Qh4 Ng5 26. Qb4 c5 27. Qb5+
Kf8 28. Bg2 Qxf5 0-1

[Event "4NCL Division 1b"]
[Site "Hinckley Island ENG"]
[Date "2014.03.22"]
[Round "7.165"]
[White "Ferguson, Mark"]
[Black "Walton, Alan J"]
[Result "0-1"]
[WhiteElo "2423"]
[BlackElo "2104"]
[PlyCount "92"]
[EventDate "2014.03.22"]
[WhiteTeam "Barbican 4NCL 1"]
[BlackTeam "3Cs 1"]

1. e4 e6 2. d4 d5 3. Nd2 Be7 4. Ngf3 Nf6 5. e5 Nfd7 6. Bd3 c5 7. c3 b6 8. O-O
Ba6 9. Ne1 Bxd3 10. Nxd3 Nc6 11. Qg4 g6 12. Nf3 h6 13. h4 Qc7 14. h5 c4 15.
Nde1 O-O-O 16. b3 Na5 17. hxg6 Rdg8 18. Qf4 f5 19. exf6 Qxf4 20. Bxf4 Bxf6 21.
g3 Rxg6 22. Ng2 Kb7 23. Rfe1 Bg5 24. b4 Nc6 25. b5 Nd8 26. a4 Rf8 27. Kh2 Nf6
28. Ne5 Rg7 29. a5 Ne4 30. axb6 axb6 31. Ra3 Be7 32. Raa1 Nxc3 33. Nd7 Rf5 34.
Ra6 Nxb5 35. Rxb6+ Kc8 36. Ne5 Nxd4 37. Ra1 Rxe5 38. Bxe5 Nf3+ 39. Kh3 Nxe5 40.
Nf4 Nd7 41. Ra8+ Kc7 42. Rb1 Nc5 43. Ra7+ Kd6 44. Rb6+ Nc6 45. Ra8 Bg5 46. Nh5
Rb7 0-1

[Event "4NCL Division 1b"]
[Site "Hinckley Island ENG"]
[Date "2014.03.22"]
[Round "7.166"]
[White "Horton, Andrew P"]
[Black "Griffiths, Ryan Rhys"]
[Result "1/2-1/2"]
[WhiteElo "2108"]
[BlackElo "2350"]
[PlyCount "134"]
[EventDate "2014.03.22"]
[WhiteTeam "3Cs 1"]
[BlackTeam "Barbican 4NCL 1"]

1. Nf3 c5 2. c4 Nc6 3. g3 g6 4. Bg2 Bg7 5. Nc3 e6 6. O-O Nge7 7. e3 O-O 8. d4
cxd4 9. Nxd4 d5 10. cxd5 exd5 11. Nde2 d4 12. exd4 Nxd4 13. Nxd4 Qxd4 14. Qxd4
Bxd4 15. Bh6 Rd8 16. Bg5 f6 17. Be3 Bxe3 18. fxe3 Kg7 19. Ne4 Nd5 20. Rfd1 Bf5
21. Nd6 Nxe3 22. Nxf5+ Nxf5 23. Bxb7 Rab8 24. Rxd8 Rxd8 25. Rc1 Rd2 26. Rc7+
Kh6 27. Bg2 a5 28. Ra7 Ne3 29. Bc6 Nc4 30. Bb5 Ne5 31. h3 Rxb2 32. Rxa5 Kg5 33.
Bf1 h5 34. Bg2 h4 35. Kh2 Re2 36. gxh4+ Kxh4 37. Ra4+ Kg5 38. Kg3 Re3+ 39. Kf2
Rc3 40. Ra5 Rc2+ 41. Kg3 Rc3+ 42. Kf2 Rc2+ 43. Kg3 Rd2 44. Be4 Rd4 45. Bg2 Kf5
46. Bf1 g5 47. Bg2 Rd3+ 48. Kf2 Rd4 49. Kg3 Rc4 50. Bf1 Rc3+ 51. Kf2 Rf3+ 52.
Kg2 Rc3 53. Kf2 Rf3+ 54. Kg2 Rf4 55. Bd3+ Ke6 56. Bc2 Kd6 57. Bb3 Ng6 58. Rd5+
Kc6 59. Rd2 Rh4 60. Bd5+ Kc5 61. Kg3 Rf4 62. Bg2 Nh4 63. Re2 Nf5+ 64. Kh2 Nd4
65. Rb2 Kc4 66. a4 Rf5 67. Rb6 Rf2 1/2-1/2

[Event "4NCL Division 1b"]
[Site "Hinckley Island ENG"]
[Date "2014.03.22"]
[Round "7.167"]
[White "Dorrington, Chris J"]
[Black "Horton, Jamie A"]
[Result "1-0"]
[WhiteElo "2334"]
[BlackElo "2016"]
[PlyCount "117"]
[EventDate "2014.03.22"]
[WhiteTeam "Barbican 4NCL 1"]
[BlackTeam "3Cs 1"]

1. d4 Nf6 2. c4 e6 3. Nf3 Bb4+ 4. Nbd2 b6 5. g3 Bb7 6. Bg2 O-O 7. O-O Bxd2 8.
Qxd2 d6 9. b3 Nbd7 10. Bb2 Re8 11. Rad1 Be4 12. Rfe1 Qc8 13. Bh3 a5 14. d5 e5
15. Nh4 Qd8 16. f3 Bg6 17. e4 Nc5 18. Qc2 Qe7 19. a3 Qf8 20. b4 Ncd7 21. Bc3
axb4 22. axb4 Ra7 23. Ng2 Rea8 24. Ne3 Ra2 25. Bb2 Qd8 26. Rb1 Kh8 27. Nd1 Bh5
28. Rf1 Bg6 29. Nc3 R2a6 30. Rbe1 Qe7 31. Kh1 Re8 32. Ra1 Rea8 33. Rxa6 Rxa6
34. Ra1 Rxa1+ 35. Bxa1 Qd8 36. Qa4 Nf8 37. Bb2 Ne8 38. Bc1 h6 39. Kg2 Kg8 40.
Qa6 Nh7 41. Nb5 Ng5 42. Qc8 Qxc8 43. Bxc8 Nh7 44. g4 Kf8 45. h4 h5 46. g5 Ke7
47. Na7 f6 48. Be3 Nf8 49. Nc6+ Kf7 50. Kf1 Bh7 51. Kf2 Bg6 52. Ke2 Bh7 53. Kd2
Ng6 54. Bf2 Ne7 55. Nd8+ Kg8 56. Bd7 Bg6 57. Ne6 fxg5 58. hxg5 Bf7 59. Bxe8 1-0

[Event "4NCL Division 1b"]
[Site "Hinckley Island ENG"]
[Date "2014.03.22"]
[Round "7.168"]
[White "Abbas, Daniel"]
[Black "Regan, Natasha K"]
[Result "1/2-1/2"]
[WhiteElo "1982"]
[BlackElo "2059"]
[PlyCount "79"]
[EventDate "2014.03.22"]
[WhiteTeam "3Cs 1"]
[BlackTeam "Barbican 4NCL 1"]

1. e4 Nf6 2. e5 Nd5 3. d4 d6 4. c4 Nb6 5. exd6 exd6 6. Nc3 Be7 7. Bd3 Nc6 8.
Nge2 O-O 9. O-O Bf6 10. b3 Bg4 11. Be3 Nxd4 12. Bxd4 Bxd4 13. Bxh7+ Kxh7 14.
Qxd4 Bxe2 15. Nxe2 d5 16. c5 Nc8 17. Rad1 c6 18. Rd3 f5 19. Rh3+ Kg8 20. Nf4
Qf6 21. Qd1 Ne7 22. Re1 Ng6 23. Nh5 Qf7 24. Rhe3 f4 25. Re6 Rae8 26. Qd4 Rxe6
27. Rxe6 Nh4 28. Qe5 Ng6 29. Qd4 Rd8 30. b4 Rd7 31. Re1 Qf5 32. Qd1 Ne5 33. Kf1
g6 34. Qd4 Re7 35. Nxf4 Kf7 36. Qd2 Rd7 37. Qe3 Re7 38. Qd2 Rd7 39. Qe3 Re7 40.
Qd2 1/2-1/2

[Event "4NCL Division 1b"]
[Site "Hinckley Island ENG"]
[Date "2014.03.22"]
[Round "7.171"]
[White "Adair, James R"]
[Black "Smerdon, David"]
[Result "1/2-1/2"]
[WhiteElo "2417"]
[BlackElo "2508"]
[PlyCount "171"]
[EventDate "2014.03.22"]
[WhiteTeam "White Rose 1"]
[BlackTeam "Guildford 2"]

1. e4 d5 2. exd5 Nf6 3. Nf3 Bg4 4. Bb5+ Nbd7 5. h3 Bh5 6. Nc3 a6 7. Be2 Nb6 8.
d4 Nfxd5 9. Nxd5 Qxd5 10. O-O e6 11. a4 a5 12. b3 Bb4 13. c4 Qd8 14. Bg5 Be7
15. Be3 Nd7 16. Ne5 Bxe2 17. Qxe2 O-O 18. Rad1 c6 19. Nxd7 Qxd7 20. d5 cxd5 21.
cxd5 exd5 22. Qf3 Bb4 23. Rxd5 Qe6 24. Bc5 Rfd8 25. Rfd1 Rxd5 26. Rxd5 Bxc5 27.
Rxc5 Rb8 28. h4 h6 29. Rc7 b5 30. Qc3 bxa4 31. bxa4 Rb1+ 32. Kh2 Rb4 33. g3 Qe4
34. Rc8+ Kh7 35. Qc2 Rxa4 36. Qxe4+ Rxe4 37. Ra8 Re5 38. Ra6 g6 39. Kg2 Kg7 40.
Kf3 Kf8 41. Ra7 Ke8 42. Kf4 Rb5 43. f3 Kf8 44. Ke4 Kg7 45. Ra6 Rb4+ 46. Ke5 Rb3
47. Kf4 Rb4+ 48. Ke5 a4 49. Ra7 h5 50. Ra6 Rb3 51. Kf4 Rb4+ 52. Ke5 Rc4 53. Kd5
Rc3 54. Ke4 Ra3 55. Kf4 Ra1 56. Ke3 Ra2 57. Kf4 a3 58. Ke3 Ra1 59. Kf2 Kf8 60.
Ra7 Ke8 61. f4 f5 62. Kg2 Kd8 63. Rg7 Ra2+ 64. Kf3 Ra1 65. Kg2 Kc8 66. Rxg6 Kb7
67. Rg7+ Kb6 68. Rg8 Ra2+ 69. Kf3 Rb2 70. Ra8 a2 71. g4 fxg4+ 72. Kg3 Kc5 73.
f5 Kd6 74. f6 Ke6 75. Ra6+ Kf7 76. Kf4 Rf2+ 77. Kg3 Rxf6 78. Rxa2 Rf3+ 79. Kg2
Rh3 80. Ra7+ Ke6 81. Ra6+ Kd7 82. Ra7+ Kc6 83. Ra6+ Kb7 84. Rd6 Rxh4 85. Rd3
Kc6 86. Ra3 1/2-1/2

[Event "4NCL Division 1b"]
[Site "Hinckley Island ENG"]
[Date "2014.03.22"]
[Round "7.172"]
[White "Zhou, Yang-Fan"]
[Black "Palliser, Richard JD"]
[Result "1-0"]
[WhiteElo "2470"]
[BlackElo "2453"]
[PlyCount "95"]
[EventDate "2014.03.22"]
[WhiteTeam "Guildford 2"]
[BlackTeam "White Rose 1"]

1. e4 c5 2. Nf3 d6 3. d4 cxd4 4. Qxd4 Nc6 5. Bb5 Bd7 6. Qd3 Nf6 7. c4 g6 8. Nc3
Bg7 9. O-O O-O 10. h3 a6 11. Bxc6 Bxc6 12. Be3 Rc8 13. Rfd1 Nd7 14. Bd4 Ne5 15.
Nxe5 dxe5 16. Bc5 Qxd3 17. Rxd3 Rfd8 18. Rxd8+ Rxd8 19. Nd5 e6 20. Ne7+ Kh8 21.
Nxc6 bxc6 22. b4 Kg8 23. a4 Bf8 24. Bb6 Rb8 25. c5 Be7 26. Rd1 Rb7 27. a5 Kf8
28. b5 cxb5 29. c6 Rb8 30. c7 Rc8 31. Rd8+ Bxd8 32. cxd8=Q+ Rxd8 33. Bxd8 Ke8
34. Bf6 Kd7 35. Kf1 Kd6 36. Ke2 Kc5 37. Kd3 Kb4 38. Bd8 f5 39. f3 Kb3 40. Bc7
Kb4 41. Kc2 fxe4 42. fxe4 h5 43. h4 Ka4 44. Kc3 b4+ 45. Kb2 b3 46. Bxe5 Kxa5
47. Kxb3 Kb5 48. Bd6 1-0

[Event "4NCL Division 1b"]
[Site "Hinckley Island ENG"]
[Date "2014.03.22"]
[Round "7.173"]
[White "Bojkov, Dejan"]
[Black "Sarakauskas, Gediminas"]
[Result "1-0"]
[WhiteElo "2489"]
[BlackElo "2400"]
[PlyCount "67"]
[EventDate "2014.03.22"]
[WhiteTeam "White Rose 1"]
[BlackTeam "Guildford 2"]

1. e4 e5 2. Nf3 Nc6 3. Bc4 Bc5 4. d3 Nf6 5. O-O d6 6. c3 a6 7. Bb3 Ba7 8. h3 h6
9. Re1 O-O 10. Nbd2 Ne7 11. Nf1 Ng6 12. Ng3 Re8 13. d4 Be6 14. Bc2 c6 15. Be3
Qc7 16. Qc1 b5 17. Nf5 Bxf5 18. exf5 exd4 19. Bxh6 Rxe1+ 20. Nxe1 gxh6 21. Qxh6
dxc3 22. bxc3 Re8 23. fxg6 fxg6 24. Bxg6 Re2 25. Nd3 Qg7 26. Qg5 Nd5 27. Qd8+
Qf8 28. Bh7+ Kg7 29. Qg5+ Kh8 30. Qh5 Re6 31. Bg6+ Kg7 32. Qh7+ Kf6 33. Bf5 Re2
34. Qh4+ 1-0

[Event "4NCL Division 1b"]
[Site "Hinckley Island ENG"]
[Date "2014.03.22"]
[Round "7.174"]
[White "Hambleton, Aman"]
[Black "Wells, Peter K"]
[Result "0-1"]
[WhiteElo "2455"]
[BlackElo "2456"]
[PlyCount "66"]
[EventDate "2014.03.22"]
[WhiteTeam "Guildford 2"]
[BlackTeam "White Rose 1"]

1. d4 Nf6 2. c4 e6 3. Nc3 Bb4 4. Qc2 O-O 5. a3 Bxc3+ 6. Qxc3 b6 7. Bg5 Bb7 8.
f3 h6 9. Bh4 d5 10. e3 Re8 11. cxd5 exd5 12. Bf2 c5 13. Bb5 cxd4 14. Qxd4 Bc6
15. Bd3 Nbd7 16. Ne2 Nc5 17. Qc3 d4 18. Nxd4 Nd5 19. Qd2 Nxd3+ 20. Qxd3 Nf4 21.
Qd2 Nxg2+ 22. Kf1 Nh4 23. Bxh4 Bb5+ 24. Kg2 Qxh4 25. Nxb5 Qg5+ 26. Kf2 Qxb5 27.
Rad1 Rac8 28. Rhe1 Qh5 29. Qd6 Re5 30. h3 Rc2+ 31. Rd2 Qh4+ 32. Kf1 Qxh3+ 33.
Ke2 Qg2+ 0-1

[Event "4NCL Division 1b"]
[Site "Hinckley Island ENG"]
[Date "2014.03.22"]
[Round "7.175"]
[White "McNab, Colin A"]
[Black "Kilpatrick, Callum"]
[Result "1/2-1/2"]
[WhiteElo "2449"]
[BlackElo "2353"]
[PlyCount "110"]
[EventDate "2014.03.22"]
[WhiteTeam "White Rose 1"]
[BlackTeam "Guildford 2"]

1. c4 Nf6 2. g3 g6 3. Bg2 Bg7 4. Nc3 O-O 5. e4 d6 6. Nge2 c5 7. d3 Nc6 8. O-O
a6 9. a4 Rb8 10. h3 Bd7 11. Be3 Ne8 12. d4 cxd4 13. Nxd4 Nc7 14. Nb3 Be6 15.
Nd5 b5 16. cxb5 axb5 17. a5 Na6 18. Rc1 Ne5 19. Nd4 Bd7 20. b3 Nc5 21. b4 Na4
22. Qb3 Nc4 23. Bg5 Re8 24. Ne2 h6 25. Be3 e6 26. Ndf4 Nxe3 27. Qxe3 Nb2 28.
Rc2 Nc4 29. Qc1 Qc7 30. Rd1 Rec8 31. Nd3 Qa7 32. h4 Rc7 33. e5 dxe5 34. Nc5 Bf8
35. Nc3 Bxc5 36. bxc5 Kg7 37. Rxd7 Rxd7 38. Bc6 Rdd8 39. Nxb5 Qxa5 40. Rxc4 Qa6
41. Be8 Rxe8 42. Nc7 Qc6 43. Nxe8+ Rxe8 44. Qc3 f6 45. Qb4 h5 46. Rc1 Rc8 47.
Qa3 Rc7 48. Qb2 Rb7 49. Qa3 Rd7 50. Qb2 Rc7 51. Qb8 Qb7 52. Qe8 Qc6 53. Qb8 Rb7
54. Qd8 Rd7 55. Qb6 Rc7 1/2-1/2

[Event "4NCL Division 1b"]
[Site "Hinckley Island ENG"]
[Date "2014.03.22"]
[Round "7.176"]
[White "Wall, Gavin"]
[Black "Van de Griendt, Jan W"]
[Result "1/2-1/2"]
[WhiteElo "2313"]
[BlackElo "2351"]
[PlyCount "86"]
[EventDate "2014.03.22"]
[WhiteTeam "Guildford 2"]
[BlackTeam "White Rose 1"]

1. e4 c5 2. Nf3 e6 3. c3 d5 4. e5 Nc6 5. d4 Nh6 6. Bd3 cxd4 7. cxd4 Nf5 8. Bxf5
exf5 9. Nc3 Be6 10. Ne2 Be7 11. h4 h6 12. Nf4 Qa5+ 13. Bd2 Qb6 14. Bc3 g6 15.
Qd2 O-O-O 16. O-O-O Kb8 17. Kb1 Rdg8 18. g3 Qd8 19. Nd3 f4 20. Qxf4 g5 21. Qe3
Bf5 22. Ka1 Be4 23. Rhg1 Qc8 24. Nc5 Bf5 25. Rc1 b6 26. Na4 Qa6 27. b3 Qd3 28.
Bd2 Qxe3 29. Bxe3 Nb4 30. hxg5 hxg5 31. Ne1 Rc8 32. Kb2 Rxc1 33. Bxc1 Nc6 34.
Nc3 Nxd4 35. Nxd5 Bd8 36. Nc3 g4 37. Be3 Nc6 38. f4 gxf3 39. Nxf3 Bg4 40. Rf1
Bxf3 41. Rxf3 Rh2+ 42. Rf2 Rxf2+ 43. Bxf2 Nxe5 1/2-1/2

[Event "4NCL Division 1b"]
[Site "Hinckley Island ENG"]
[Date "2014.03.22"]
[Round "7.177"]
[White "Townsend, M Paul"]
[Black "Wadsworth, Matthew J"]
[Result "1/2-1/2"]
[WhiteElo "2251"]
[BlackElo "2185"]
[PlyCount "63"]
[EventDate "2014.03.22"]
[WhiteTeam "White Rose 1"]
[BlackTeam "Guildford 2"]

1. d4 d5 2. c4 c6 3. Nf3 Nf6 4. Nc3 a6 5. a4 e6 6. g3 dxc4 7. Bg2 c5 8. dxc5
Qxd1+ 9. Nxd1 Nc6 10. Ne3 Bxc5 11. Nxc4 Bd7 12. O-O Ke7 13. Nfe5 Rac8 14. Rd1
Rhd8 15. Bf4 Be8 16. Nxc6+ Bxc6 17. Rxd8 Kxd8 18. Bxc6 Rxc6 19. Ne5 Rb6 20. Rc1
Ne4 21. Nd3 Rc6 22. Kg2 Bd6 23. Rxc6 bxc6 24. Bxd6 Nxd6 25. Kf3 Kc7 26. Ke3 Kb6
27. Kd4 f6 28. b4 e5+ 29. Kc3 Nb7 30. Kc4 Nd6+ 31. Kc3 Nb7 32. Kc4 1/2-1/2

[Event "4NCL Division 1b"]
[Site "Hinckley Island ENG"]
[Date "2014.03.22"]
[Round "7.178"]
[White "Ciuksyte, Dagne"]
[Black "Maroroa, Sue Y"]
[Result "0-1"]
[WhiteElo "2348"]
[BlackElo "2110"]
[PlyCount "46"]
[EventDate "2014.03.22"]
[WhiteTeam "Guildford 2"]
[BlackTeam "White Rose 1"]

1. e4 e5 2. Nf3 Nc6 3. Bb5 a6 4. Ba4 Nf6 5. O-O Bc5 6. c3 b5 7. Bc2 d5 8. d4
dxe4 9. dxc5 Qxd1 10. Bxd1 exf3 11. Bxf3 e4 12. Be2 Bg4 13. Bxg4 Nxg4 14. Re1
O-O-O 15. Nd2 f5 16. f3 Nf6 17. Nf1 Rd5 18. Bg5 exf3 19. gxf3 Ne5 20. Kg2 h6
21. Be3 Nd3 22. Re2 Re8 23. Rd2 Rxe3 0-1